• 首页
  • 本馆介绍
  • 公告通知
  • 最新文献
  • 馆藏检索
  • 电子资源
  • 读者导购
  • 参考咨询
  • 我的图书馆
  • 登录
  • 详细信息显示
  • 放入我的书架
  • 预约/预借图书
  • 作者相关作品
  • 分类相关作品
  • 丛书相关作品
  • 出版社相关作品

书目信息

  • 表格格式
  • 工作单格式
  • 卡片格式
题名:
企业财务报表分析
    
 
作者: 陈文昌 主编
分册:  
出版信息: 北京   中国人民大学出版社  2011
页数: 292页
开本: 26cm
丛书名:
单 册:
中图分类: F275.2
科图分类:
主题词: 企业--会计报表--会计分析--高等教育--教材 , 企业 , 会计报表 , 会计分析
电子资源:
ISBN: 978-7-300-13838-1
000 01115nam0 2200289 450
001 523
005 20140909092457.57
010    @a978-7-300-13838-1@dCNY39.00
100    @a20120204d2011 em y0chiy50 ea
101 0  @achi
102    @aCN@b110000
105    @ay z 000yy
106    @ar
200 1  @a企业财务报表分析@AQi Ye Cai Wu Bao Biao Fen Xi@f陈文昌主编@FChen Wen Chang Zhu Bian
210    @a北京@c中国人民大学出版社@d2011
215    @a292页@d26cm
300    @a国家中小企业银河培训工程推荐教材 全国中小企业经理人证书考试 全国高等教育自学考试中小企业经营管理专业指定教材
304    @a工业和信息化部中小企业发展促进中心 教育部考试中心组编
330    @a本书介绍了企业财务报表分析相关知识,全书内容包括:财务报表基础知识、创业之初财务报表分析、成长企业基础财务报表分析、成长企业的其他财务状况分析、扩张型企业财务报表分析、综合分析6单元。
606 0  @a企业@x会计报表@x会计分析@x高等教育@j教材
606 0  @a企业
606 0  @a会计报表
606 0  @a会计分析
690    @aF275.2@v5
701  0 @a陈文昌@AChen Wen Chang@4主编
801  0 @aCN@bTANGWEI@c20140603
905    @b0840196-98@dF275.2@e1101@f3
    
    企业财务报表分析/陈文昌主编.-北京:中国人民大学出版社,2011
    292页;26cm
    国家中小企业银河培训工程推荐教材 全国中小企业经理人证书考试 全国高等教育自学考试中小企业经营管理专业指定教材
    
    ISBN 978-7-300-13838-1:CNY39.00
    本书介绍了企业财务报表分析相关知识,全书内容包括:财务报表基础知识、创业之初财务报表分析、成长企业基础财务报表分析、成长企业的其他财务状况分析、扩张型企业财务报表分析、综合分析6单元。
●
相关链接 在E读中查询图书 在五车中查询图书 在当当中查询图书 在豆瓣中查询图书


正题名:企业财务报表分析     索取号:F275.2/1101         预约/预借

序号 登录号 条形码 馆藏地/架位号 状态 备注
1 0840196   208401969   第一样本阅览室/ [索取号:F275.2/1101] 在馆    
2 0840197   208401978   第一借阅区/ [索取号:F275.2/1101] 在馆    
3 0840198   208401987   密集书库-海洋学院/ [索取号:F275.2/1101] 在馆    
唐山师范学院图书馆 欢迎您!
大连网信软件有限公司© 版权所有